Statistiques concernant Villes sur le littoral de la Manche - Carte Quiz

Cliquez ici pour prendre le quiz!

Statistiques générales

  • Ce quiz a été pris 80 fois
  • Le résultat moyen est 13 sur 24

Réponses sur la Carte

Les réponses sont colorées sur une échelle allant du rouge au vert en fonction du pourcentage des utilisateurs qui les ont devinées à leur premier essai. Vous pouvez retrouver ces pourcentages ci-dessous.
 

Statistiques - réponses

Réponse% Correct
Calais
86%
Cherbourg
82%
Le Havre
77%
Saint-Malo
75%
Boulogne-sur-Mer
74%
Mont-Saint-Michel
70%
Etretat
65%
Saint-Brieuc
65%
Deauville
63%
Douvres
63%
Dieppe
61%
Granville
61%
Le Touquet
58%
Saint-Hélier
56%
Paimpol
51%
Roscoff
46%
Plymouth
37%
Portsmouth
35%
Southampton
33%
Brighton
25%
Hastings
25%
Weymouth
16%
Bournemouth
14%
Torquay
14%

Distribution des résultats

Percentile par nombre de réponses

% des personnes avec chaque résultat

Votre développement - résultats

Vous n’avez pas pris ce quiz